Handbook of Democratic Government: Party Government in 20 Democracies (1945-1990) (Record no. 10)
[ view plain ]
| 000 -LEADER | |
|---|---|
| fixed length control field | 00492nam a2200169Ia 4500 |
| 008 - FIXED-LENGTH DATA ELEMENTS--GENERAL INFORMATION | |
| fixed length control field | 240428s9999||||xx |||||||||||||| ||und|| |
| 020 ## - INTERNATIONAL STANDARD BOOK NUMBER | |
| International Standard Book Number | 0792325753 |
| 041 ## - LANGUAGE CODE | |
| Language code of text/sound track or separate title | eng |
| 082 ## - DEWEY DECIMAL CLASSIFICATION NUMBER | |
| Classification number | 321.8H |
| 100 ## - MAIN ENTRY--PERSONAL NAME | |
| Personal name | BUDGE, Ian - WOLDENDORP, Jaap - KEMAN, Hans |
| 245 #0 - TITLE STATEMENT | |
| Title | Handbook of Democratic Government: Party Government in 20 Democracies (1945-1990) |
| 260 ## - PUBLICATION, DISTRIBUTION, ETC. | |
| Name of publisher, distributor, etc. | Kluwer Aademic Publihers |
| Place of publication, distribution, etc. | Dordrecht |
| Date of publication, distribution, etc. | 1993 |
| 300 ## - PHYSICAL DESCRIPTION | |
| Extent | 119 |
| 650 ## - SUBJECT ADDED ENTRY--TOPICAL TERM | |
| Topical term or geographic name entry element | Democratic Governce, Handbook |
| 942 ## - ADDED ENTRY ELEMENTS (KOHA) | |
| Koha item type | Books |
| Withdrawn status | Lost status | Damaged status | Not for loan | Home library | Current library | Shelving location | Date acquired | Total checkouts | Full call number | Date last seen | Copy number | Price effective from | Koha item type |
|---|---|---|---|---|---|---|---|---|---|---|---|---|---|
| Main Library | Main Library | Open Shelves | 19/07/2021 | 321 H C2 1164 - 321.8 H C1 1120 | 29/04/2024 | 1 | 29/04/2024 | Books |